[Event "European Youth Chess Championship G14"]
[Site "Prague, Top Hotel Prague"]
[Date "2012.08.24"]
[Round "8.32"]
[White "Shahbazyan, Hasmik"]
[Black "Vangsgaard, Freja"]
[Result "1/2-1/2"]
[WhiteElo "1665"]
[BlackElo "1550"]
[PlyCount "143"]
[EventDate "2012.08.17"]

1. e4 d5 2. exd5 Qxd5 3. Nc3 Qa5 4. Bc4 Nf6 5. d3 Bf5 6. Nge2 c6 7. Ng3 Bg6 8.
Qe2 e6 9. Bd2 Qc7 10. O-O-O Nbd7 11. h4 h5 12. Nge4 b5 13. Bb3 Be7 14. Nxf6+
Nxf6 15. Ne4 a5 16. a4 O-O 17. Kb1 Rfb8 18. Nc3 Qb6 19. f3 Nd5 20. g4 Bf6 21.
Qe1 Qd4 22. g5 Be5 23. Bxd5 exd5 24. axb5 Rxb5 25. f4 Qb4 26. Na4 Qxa4 27. Qxe5
d4 28. Qd6 Rab8 29. Bc1 c5 30. Qd5 Bf5 31. Qa2 Rb4 32. Qxa4 Rxa4 33. b3 Rab4
34. Ba3 R4b5 35. Kc1 Ra8 36. Kd2 a4 37. bxa4 Rxa4 38. Ra1 Rba5 39. Bb2 Ra2 40.
Rxa2 Rxa2 41. Kc1 Kf8 42. Re1 f6 43. Re2 Kf7 44. Re1 Ra4 45. Kd2 c4 46. dxc4
Rxc4 47. Rc1 Ke6 48. Ba3 Kf7 49. Bb2 Kg6 50. Ba3 Be4 51. gxf6 gxf6 52. c3 Ra4
53. Ra1 dxc3+ 54. Kxc3 Bg2 55. Kd2 Rxf4 56. Rg1 Rg4 57. Bc5 Kf5 58. Bf2 Bf3 59.
Rxg4 hxg4 60. Ke3 Bd5 61. Bg3 Bf7 62. Bf2 Bh5 63. Bg3 Bg6 64. Bf2 Ke5 65. Bg3+
Kd5 66. Kf4 f5 67. Ke3 Kc4 68. Bf2 Bf7 69. Kf4 Be6 70. h5 Bf7 71. Kxf5 Bxh5 72.
Kg5 1/2-1/2

[Event "European Youth Chess Championship G14"]
[Site "Prague, Top Hotel Prague"]
[Date "2012.08.24"]
[Round "8.34"]
[White "Kyrkjebo, Marte B"]
[Black "Beluska, Tereza"]
[Result "0-1"]
[WhiteElo "1628"]
[BlackElo "1496"]
[PlyCount "80"]
[EventDate "2012.08.17"]

1. e4 c5 2. Nc3 Nc6 3. g3 g6 4. Bg2 Bg7 5. d3 d6 6. f4 Rb8 7. Nf3 b5 8. O-O b4
9. Ne2 Qb6 10. f5 gxf5 11. exf5 Bxf5 12. Nh4 Bd7 13. Nf5 Bf6 14. g4 Be5 15. Nf4
e6 16. Ne3 d5 17. Qf3 Nd4 18. Qf2 Bxf4 19. Nxd5 exd5 20. Bxf4 Rc8 21. Rae1+ Kd8
22. Bxd5 f6 23. Qh4 c4 24. Kh1 Bc6 25. Be4 Nxc2 26. dxc4 Nxe1 27. Rxe1 Bxe4+
28. Rxe4 Rc6 29. Qh5 Ne7 30. Qf7 Re8 31. Qxh7 Qf2 32. Qh3 f5 33. Qd3+ Kc8 34.
gxf5 Rd8 35. Qb1 Qf3+ 36. Kg1 Rd1+ 37. Qxd1 Qxd1+ 38. Kf2 Qc2+ 39. Kf3 Nxf5 40.
Re8+ Kd7 0-1

[Event "European Youth Chess Championship G14"]
[Site "Prague, Top Hotel Prague"]
[Date "2012.08.24"]
[Round "8.35"]
[White "Kyrkjebo, Hanna B"]
[Black "Liscinska, Jana"]
[Result "0-1"]
[WhiteElo "1546"]
[BlackElo "1589"]
[PlyCount "116"]
[EventDate "2012.08.17"]

1. e4 e5 2. Nf3 Nc6 3. Nc3 Nf6 4. a3 a6 5. d4 exd4 6. Nxd4 Bc5 7. Be3 Bb6 8.
Be2 d6 9. O-O O-O 10. Qd2 Re8 11. f3 Bd7 12. Bc4 Qb8 13. Bf2 Ne5 14. Ba2 Qa7
15. Rad1 Rad8 16. Nf5 Bxf2+ 17. Rxf2 Ng6 18. Qg5 Be6 19. Nh6+ Kf8 20. Bxe6 Rxe6
21. Nf5 Rde8 22. h4 h6 23. Qg3 Qb6 24. Nd5 Nxd5 25. Rxd5 Qxb2 26. h5 Ne7 27.
Nxe7 R8xe7 28. Rd3 Re5 29. Qh3 Qc1+ 30. Kh2 Rc5 31. Rdd2 Qxa3 32. Qc8+ Re8 33.
Qxb7 Rxh5+ 34. Kg3 Qc5 35. Rd5 Rxd5 36. exd5 Qb6 37. Qc6 Qxc6 38. dxc6 Rb8 39.
Rd2 Rb6 40. Rd3 Rxc6 41. Ra3 Rxc2 42. Rxa6 Re2 43. Rc6 Re7 44. Rc3 Ke8 45. f4
c5 46. Ra3 c4 47. Ra8+ Kd7 48. Ra7+ Ke6 49. f5+ Kf6 50. Ra6 Ke5 51. Ra5+ Kd4
52. Ra6 d5 53. f6 gxf6 54. Rxf6 c3 55. Rc6 Kd3 56. Rc5 d4 57. Rc6 c2 58. Kg4
Kd2 0-1

[Event "European Youth Chess Championship G14"]
[Site "Prague, Top Hotel Prague"]
[Date "2012.08.24"]
[Round "8.37"]
[White "Lesnic, Galina"]
[Black "Silva, Mariana Sofia T"]
[Result "0-1"]
[WhiteElo "1490"]
[BlackElo "1461"]
[PlyCount "80"]
[EventDate "2012.08.17"]

1. e4 c6 2. d4 d5 3. exd5 cxd5 4. Bd3 Nc6 5. c3 Qc7 6. h3 Nf6 7. Nf3 e6 8. O-O
Bd6 9. Re1 O-O 10. Nbd2 Bd7 11. Nf1 a6 12. a4 Na5 13. Ne5 b5 14. axb5 axb5 15.
Bg5 Be7 16. Ng4 Qd8 17. b4 Nxg4 18. Bxe7 Qxe7 19. bxa5 Nf6 20. Qb3 Rfb8 21. Qb4
Qd8 22. Reb1 Qc7 23. Nd2 Ne8 24. Nb3 Nd6 25. Nc5 Nc4 26. Nxd7 Qxd7 27. Bxc4
dxc4 28. Ra2 h6 29. a6 Rb6 30. Ra5 Raxa6 31. Rxa6 Rxa6 32. Qxb5 Qxb5 33. Rxb5
Ra1+ 34. Kh2 Rc1 35. d5 exd5 36. Rxd5 Rxc3 37. Rc5 Kf8 38. Re5 Rc1 39. Kg3 c3
40. Re3 g6 0-1

[Event "European Youth Chess Championship G14"]
[Site "Prague, Top Hotel Prague"]
[Date "2012.08.24"]
[Round "8.40"]
[White "Chepelnikova, Maria"]
[Black "Ruth, Katarina"]
[Result "1-0"]
[WhiteElo "1655"]
[BlackElo "1483"]
[PlyCount "53"]
[EventDate "2012.08.17"]

1. e4 c5 2. Nf3 d6 3. d4 cxd4 4. Nxd4 Nf6 5. Nc3 g6 6. Be3 Bg7 7. f3 O-O 8. Qd2
Nc6 9. Bc4 Bd7 10. O-O-O Qa5 11. h4 Rfc8 12. Bb3 h5 13. Kb1 Ne5 14. Rdg1 Nc4
15. Bxc4 Rxc4 16. Nb3 Qc7 17. g4 hxg4 18. h5 Nxh5 19. Nd5 Qd8 20. fxg4 Nf6 21.
Nxf6+ Bxf6 22. Qh2 e6 23. Rf1 Rcc8 24. Qh7+ Kf8 25. Bh6+ Ke8 26. Bg5 Rc7 27.
Qg8+ 1-0

[Event "European Youth Chess Championship G14"]
[Site "Prague, Top Hotel Prague"]
[Date "2012.08.24"]
[Round "8.42"]
[White "Serpetsidaki, Eva"]
[Black "Kubosova, Hana"]
[Result "1/2-1/2"]
[WhiteElo "1408"]
[BlackElo "1517"]
[PlyCount "121"]
[EventDate "2012.08.17"]

1. e4 c5 2. Nc3 Nc6 3. f4 g6 4. Nf3 Bg7 5. Bb5 d6 6. O-O Bd7 7. d3 Nf6 8. Qe1
O-O 9. Qh4 e6 10. Be3 a6 11. Bxc6 Bxc6 12. e5 Bxf3 13. Rxf3 dxe5 14. Bxc5 Re8
15. fxe5 Nd7 16. Qxd8 Raxd8 17. Bf2 Nxe5 18. Rf4 Nc6 19. Rc4 Bd4 20. Re1 Bxf2+
21. Kxf2 Rd4 22. Re4 Red8 23. Ke3 Rxc4 24. Rxc4 f5 25. a4 Kf7 26. Ne2 Rd7 27.
h3 e5 28. b4 Rd5 29. c3 Kf6 30. Nc1 Rd7 31. Nb3 Nd8 32. Rc8 Ne6 33. Nc5 f4+ 34.
Ke2 Nxc5 35. Rxc5 Ke6 36. b5 Kd6 37. Rc4 axb5 38. axb5 Rc7 39. Rxc7 Kxc7 40.
Kf3 Kd6 41. Ke4 h5 42. h4 Ke6 43. c4 b6 44. d4 exd4 45. Kxd4 Kd6 46. c5+ bxc5+
47. Kc4 f3 48. gxf3 g5 49. hxg5 h4 50. g6 h3 51. g7 h2 52. g8=Q h1=Q 53. Qd5+
Kc7 54. Qxc5+ Kb8 55. b6 Qc1+ 56. Kd5 Qd1+ 57. Ke6 Qb3+ 58. Kd6 Qd3+ 59. Ke5
Qe2+ 60. Kf4 Qh2+ 61. Ke4 1/2-1/2